000 01272cam a22003497a 4500
003 CHAP
005 20220329134207.0
008 971013s1970 r 00010 d
010 _a16770
011 _a17742
035 _a21826
040 _cCHAP
082 _a674.12
_bJ35 1970
100 0 0 _aJane, Frank W.
_961046
245 1 4 _aThe structure of wood
250 _a2 ed., rev.
260 _aLondon :
_bAdam & Charles Black,
_c1970
300 _a478 p.
_b: ilus
590 _aBATCH-UPD
_b10
_c20130110
_lUCH01
_h0306
590 _aBATCH-UPD
_b10
_c20130110
_lUCH01
_h1941
590 _aCONVERSION
_b10
_c20130109
_lUCH01
_h1310
650 1 4 _aMadera
_xEstructura.
_969607
700 0 _aWhite, D. J. B.
_9121680
700 0 _aWilson, K.
_9122213
901 _aBK
942 _cLIBRO
949 _a674.12 J35 1970
_bBC
_cLIBRO
_d33724000140539
_eLIBRO
_fc.4
_h32650
_i21826
_mD
_si
_t350.00
949 _a674.12 J35 1970
_bBC
_cLIBRO
_d33724000140547
_eLIBRO
_fc.6
_h32652
_i21826
_mD
_si
_t350.00
949 _a674.12 J35 1970
_bBC
_cLIBRO
_d33724000140745
_eLIBRO
_h29040
_i21826
_mD
_si
_t350.00
949 _a674.12 J35 1970
_bBC
_cLIBRO
_d33724000140752
_eLIBRO
_fc.2
_h32648
_i21826
_mD
_si
_t350.00
949 _a674.12 J35 1970
_bBC
_cLIBRO
_d33724000140760
_eLIBRO
_fc.3
_h32649
_i21826
_mD
_si
_t350.00
999 _c16770
_d16770